All AFC Teams-NFL - Statistics

General Stats
  • This quiz has been taken 28 times
  • The average score is 13 of 16
Answer Stats
Hint Answer % Correct
North Ravens
94%
South Texans
94%
West Chargers
89%
West Raiders
89%
North Steelers
89%
East Bills
83%
West Broncos
83%
North Browns
83%
West Chiefs
83%
East Patriots
83%
South Colts
78%
East Dolphins
78%
South Jaguars
78%
East Jets
78%
North Bengals
72%
South Titans
72%
No matching quizzes found
Score Distribution
Percent of People with Each Score
Percentile by Number Answered
Your Score History
You have not taken this quiz